00477nam a2200193 a 4500001001300000003000900013005001700022008004100039020001000080082001300090100001900103245002700122260003500149300000900184500003500193505001000228650002600238700001900264nice12345678IN_TiNIC20260116012041.0050524s1970 newa grp 000 0 eng  ac20700a231bRUP aRupert, Hoover aWhat`s Good About God. aNew YorkbAbingdon Pressc1970 a173p aincludes index and biblioraphy2 aIndex aGod-Biblical Teaching1 aRupert, Hoover